[Event "7th Gazi-Heraklion Open"]
[Site "Heraklion GER"]
[Date "2011.08.06"]
[Round "1"]
[White "Koumis,Filippos"]
[Black "Tassopoulos,M"]
[Result "0-1"]
[WhiteElo "1794"]
[BlackElo "2196"]

1.e4 c5 2.Nf3 e6 3.d4 cxd4 4.Nxd4 Nc6 5.Nc3 Qc7 6.Be3 a6 7.Qd2 Nf6 8.f3 Bb4
9.a3 Be7 10.f4 d6 11.Nb3 b5 12.Be2 Bb7 13.Bf3 O-O 14.O-O-O b4 15.axb4 Nxb4
16.Qd4 a5 17.Rd2 Rfc8 18.Kb1 d5 19.Qb6 Qxb6 20.Bxb6 dxe4 21.Be2 a4 22.Nc1 a3
23.bxa3 Nbd5 24.Nxd5 Nxd5 25.Bd4 Rxa3 26.Bb2 Raa8 27.Rhd1 Bb4 28.Rd4 Nc3+
29.Bxc3 Bxc3 30.Nb3  0-1

[Event "Valoz Cup GM1"]
[Site "Olomouc CZE"]
[Date "2011.08.06"]
[Round "4"]
[White "Bures,J"]
[Black "Butkiewicz,L"]
[Result "1-0"]
[WhiteElo "2380"]
[BlackElo "2435"]

1.e4 c5 2.Nf3 e6 3.d4 cxd4 4.Nxd4 Nc6 5.Nc3 Qc7 6.Be2 a6 7.Be3 Nf6 8.O-O Bb4
9.Nxc6 bxc6 10.Na4 O-O 11.Nb6 Rb8 12.Nxc8 Rfxc8 13.Bxa6 Rf8 14.Qd3 d5 15.exd5 cxd5
16.h3 e5 17.a4 e4 18.Qe2 Qe5 19.c3 Bd6 20.g3 Nh5 21.Bd4 Qg5 22.Qg4 Qh6 23.Be2 Nf6
24.Qf5 Rxb2 25.Rfe1 Re8 26.Bf1 Rbb8 27.a5 Re6 28.h4 g6 29.Qg5 Qg7 30.Bh3 h6
31.Qe3 Ree8 32.f4 Be7 33.a6 Qf8 34.a7 Ra8 35.Ra6 Nh5 36.Rb1 Ng7 37.Rbb6 Bd8
38.Rb8 Be7 39.Rbb6 Bd8 40.Rc6 h5 41.Bd7 Qe7 42.Bc8 Bc7 43.Bh3 Ne6 44.Bxe6 fxe6
45.f5 Qh7 46.fxg6 Qd7 47.Qh6 e5 48.g7 exd4 49.Qh8+ Kf7 50.g8=Q+  1-0

[Event "ECT Open A"]
[Site "Borne NED"]
[Date "2011.08.07"]
[Round "9"]
[White "Gunther,M"]
[Black "De Jongh,Adriaan"]
[Result "1/2-1/2"]
[WhiteElo "1887"]
[BlackElo "2222"]

1.e4 c5 2.Nf3 e6 3.d4 cxd4 4.Nxd4 Nc6 5.Nc3 Qc7 6.Be2 a6 7.Be3 b5 8.O-O Bb7
9.f4 Rc8 10.a3 Bc5 11.Qd2 Nf6 12.e5 Nxd4 13.Bxd4 Ne4 14.Nxe4 Bxe4 15.c3 Be7
16.a4 Qc6 17.axb5 axb5 18.Rfd1 O-O 19.Bf1 Ra8 20.Qe2 Rfb8 21.Qe3 Bd5 22.Qe1 Bc4
23.Rxa8 Rxa8 24.Ra1 d5 25.exd6 Bxd6 26.Qg3 Bf8 27.Rd1 Qe4 28.Bd3 Qc6 29.Bc2 Bd5
30.Qd3 f5 31.Qe2 b4 32.Bd3 bxc3 33.Bxc3 Bd6 34.Qd2 Qc7 35.Rf1 Bb3 36.Qe3 Bc5
37.Bd4 Bxd4 38.Qxd4 Rd8 39.Qe3 Bd5 40.Be2 Qb7 41.Bf3 Kf7 42.Bxd5 Qxd5 43.b4 Qd4
44.Qxd4 Rxd4 45.Rb1 Rd6 46.b5 Rb6 47.Kf2 e5 48.fxe5 Ke6 49.Ke3 Kxe5 50.Rb4 g5
51.h3 Kd5 52.g3 Kc5 53.Rb1 Kd5 54.Rd1+ Ke5 55.Rb1 h5 56.Rb2 Kd5 57.Rf2 Ke5
58.Rb2 Kd5 59.Rf2 Rf6 60.b6 Ke5  1/2-1/2

[Event "50th World Juniors"]
[Site "Chennai IND"]
[Date "2011.08.07"]
[Round "6.61"]
[White "Sekar,B"]
[Black "Rodriguez Aleman,E"]
[Result "1/2-1/2"]
[WhiteElo "2061"]
[BlackElo "1997"]

1.e4 c5 2.Nf3 e6 3.d4 cxd4 4.Nxd4 Nc6 5.Nc3 Nf6 6.Be2 Bb4 7.O-O Bxc3 8.bxc3 Nxe4
9.Bd3 Nf6 10.Ba3 Nxd4 11.cxd4 d6 12.Qf3 O-O 13.Qg3 Ne8 14.Rab1 a6 15.c4 f5
16.c5 d5 17.Bc1 Qf6 18.Qf4 Rf7 19.Re1 Qd8 20.Bd2 Qc7 21.Qh4 Bd7 22.Bf4 Qc8
23.g4 Nf6 24.g5 Ne4 25.Rbc1 h6 26.gxh6 Qd8 27.Qxd8+ Rxd8 28.f3 Nf6 29.hxg7 Rxg7+
30.Kf2 Kf7 31.Rg1 Rxg1 32.Rxg1 Rg8 33.Rxg8 Nxg8 34.Bd6 Ba4 35.Ke2 Nf6 36.Kd2 Nd7
37.Be2 Kf6 38.Kc3 e5 39.dxe5+ Nxe5 40.Kd4 Nc6+ 41.Kxd5 Nb4+ 42.Kd4 Bc6 43.Bf4 Nc2+
44.Kc3 Ne1 45.Kb4 Nxf3 46.Ka5 Nd4 47.Bc4 Ne6 48.Be3 f4 49.Bf2 Ng5 50.Kb6 Be4
51.c6 Bxc6 52.Bxa6 Bd5 53.Bd4+ Kf5 54.Bxb7 Bxa2  1/2-1/2

[Event "50th World Juniors"]
[Site "Chennai IND"]
[Date "2011.08.07"]
[Round "6.24"]
[White "Thavandiran,S"]
[Black "Vaibhav,S"]
[Result "1/2-1/2"]
[WhiteElo "2320"]
[BlackElo "2430"]

1.e4 c5 2.Nf3 e6 3.d4 cxd4 4.Nxd4 Nc6 5.Nc3 Qc7 6.Be3 a6 7.Be2 Nf6 8.a3 Be7
9.f4 d6 10.g4 O-O 11.g5 Nd7 12.Qd2 b5 13.h4 Nc5 14.f5 Nxd4 15.Bxd4 exf5 16.exf5 Bxf5
17.Rf1 Be6 18.Bf3 Rac8 19.Nd5 Qd8 20.Bc3 Na4 21.Bd4 Nc5 22.Bc3 Na4 23.Bd4 Bf5
24.Ne3 Bh3 25.Rg1 Nc5 26.Bc3 Na4 27.Bd4 Nc5 28.Bc3 Na4 29.Bxg7 Kxg7 30.Qd4+ Kg8
31.Bg4 Re8 32.Bxh3 d5 33.b4 Rc4 34.Qxd5 Bxb4+ 35.Kf1 Qe7 36.Rg3 Rf4+ 37.Kg2 Rd8
38.Qc6 Bc3 39.Rf1 Qe5 40.Rxf4 Qxf4 41.Rf3 Qxh4 42.Nf5 Rd2+ 43.Kh1 Rd1+ 44.Kg2 Rd2+
45.Kh1  1/2-1/2

[Event "50th World Juniors"]
[Site "Chennai IND"]
[Date "2011.08.07"]
[Round "6.18"]
[White "Ikeda,J"]
[Black "Krejci,Jan2"]
[Result "0-1"]
[WhiteElo "2349"]
[BlackElo "2503"]

1.e4 e6 2.Nf3 c5 3.d4 cxd4 4.Nxd4 Nc6 5.Nc3 Qc7 6.Be3 a6 7.a3 b5 8.f4 Bb7
9.Be2 d6 10.Nxc6 Bxc6 11.f5 Nf6 12.Bf3 Be7 13.g4 Qb7 14.Qd3 Nd7 15.O-O-O Ne5
16.Qe2 a5 17.Bg2 b4 18.Nb1 Bb5 19.Qe1 Rc8  0-1

[Event "50th World Juniors"]
[Site "Chennai IND"]
[Date "2011.08.07"]
[Round "6.13"]
[White "Rasulov,Vu"]
[Black "Patil,Pr2"]
[Result "1-0"]
[WhiteElo "2522"]
[BlackElo "2141"]

1.e4 c5 2.Nf3 e6 3.d4 cxd4 4.Nxd4 Nc6 5.Nc3 Qc7 6.Be3 a6 7.Bd3 Nf6 8.O-O Be7
9.Kh1 O-O 10.f4 d6 11.Qf3 Bd7 12.Rae1 b5 13.a3 Rac8 14.Nxc6 Bxc6 15.Qh3 e5
16.fxe5 dxe5 17.Bg5 Qd6 18.Rd1 Qe6 19.Rf5 h6 20.Be3 Nh7 21.Rdf1 Bg5 22.Bc5 Rfe8
23.Rxf7 Qxh3 24.gxh3 Nf6 25.Ra7 Bd7 26.h4 Bxh4 27.Bf2 Bg5 28.Rxa6 Bh3 29.Rg1 Ng4
30.Be1 Rf8 31.Bxb5 Be3 32.Rg3 Bf1 33.Bxf1 Rxf1+ 34.Kg2 Rxe1 35.Rxg4 Rf8 36.Kh3 h5
37.Rg2 g5 38.Nd5 Rf3+ 39.Rg3 g4+ 40.Kh4 Bf2 41.Kxh5 Bxg3 42.h3 Kf7 43.Kxg4 Rf2
44.Ra4 Ree2 45.Rc4 Rxc2 46.Rxc2 Rxc2 47.b4 Kg6 48.a4 Re2 49.Kf3 Ra2 50.a5 Kg5  1-0

[Event "ZMDI GER-UKR"]
[Site "Dresden GER"]
[Date "2011.08.07"]
[Round "1"]
[White "Arutyunova,D"]
[Black "Hoolt,S"]
[Result "1-0"]
[WhiteElo "2278"]
[BlackElo "2314"]

1.e4 c5 2.Nf3 e6 3.d4 cxd4 4.Nxd4 Nc6 5.Nc3 Qc7 6.g3 a6 7.Bg2 Nf6 8.O-O Nxd4
9.Qxd4 Bc5 10.Bf4 d6 11.Qd2 Ng4 12.b4 Bxb4 13.Nd5 exd5 14.Qxb4 a5 15.Qxd6 Qxd6
16.Bxd6 dxe4 17.Bxe4 Ra6 18.Rad1 f5 19.Bf3 Kf7 20.c4 Nf6 21.Rfe1 Re8 22.Rxe8 Nxe8
23.Be5 Rb6 24.a4 Rb4 25.c5 Nf6 26.c6 bxc6 27.Bxc6 Rc4 28.Bb5 Rc2 29.Bd3 Rc6
30.Rb1 Be6 31.f3 Nd7 32.Rb7 Kg6 33.Bb2 Nc5 34.Rxg7+ Kh6 35.Bb5 Rd6 36.Rc7 Rd1+
37.Kf2 Nb3 38.Bg7+ Kg5 39.h4+  1-0

[Event "Sakkozo Magyarok World Meeting"]
[Site "Lakitelek HUN"]
[Date "2011.08.07"]
[Round "2.9"]
[White "Darazs,Z"]
[Black "Varadi,B"]
[Result "1/2-1/2"]
[WhiteElo "2133"]
[BlackElo "1947"]

1.e4 c5 2.Nf3 e6 3.d4 cxd4 4.Nxd4 Nc6 5.Nc3 a6 6.Be3 Qc7 7.Be2 Nf6 8.O-O Bb4
9.Na4 Bd6 10.f4 Nxe4 11.Nxc6 Qxc6 12.Qd4 O-O 13.Bf3 f5 14.Bxe4 fxe4 15.Nb6 Rb8
16.Rad1 Bc7 17.Nxc8 Rbxc8 18.Qxd7 Bb6 19.Bxb6 Qxb6+ 20.Qd4 Qxd4+ 21.Rxd4 Rxc2
22.Rf2 Rc1+  1/2-1/2

[Event "Prima Pack Cup GM2"]
[Site "Olomouc CZE"]
[Date "2011.08.07"]
[Round "5"]
[White "Oparin,G"]
[Black "Wieczorek,O"]
[Result "1/2-1/2"]
[WhiteElo "2356"]
[BlackElo "2374"]

1.e4 c5 2.Nf3 e6 3.d4 cxd4 4.Nxd4 Nc6 5.Nc3 Qc7 6.Be2 a6 7.O-O Nf6 8.Be3 Be7
9.f4 d6 10.a4 O-O 11.Kh1 Re8 12.Qd2 Nxd4 13.Bxd4 e5 14.Be3 exf4 15.Bxf4 Be6
16.Rad1 Rad8 17.Bf3 Qc4 18.b3 Qc7 19.Ne2 Qc8 20.Nd4 Ng4 21.Nxe6 Qxe6 22.Qd5 Qxd5
23.Rxd5 Ne5 24.Bxe5 dxe5 25.Rxe5 Rd2 26.Rd1 Rxd1+ 27.Bxd1 Kf8 28.Rd5 Rd8
29.Bf3 Rxd5 30.exd5 b5 31.Kg1 b4 32.Kf2 a5 33.Ke3 Ke8 34.Kd4 Kd7 35.Kc4 Kd6
36.Kb5  1/2-1/2

[Event "Stilwerk Masters"]
[Site "Vienna AUT"]
[Date "2011.08.07"]
[Round "5"]
[White "Alvir,A"]
[Black "Michielsen,J"]
[Result "1/2-1/2"]
[WhiteElo "2359"]
[BlackElo "2331"]

1.e4 c5 2.Nf3 e6 3.d4 cxd4 4.Nxd4 Nc6 5.Nc3 Qc7 6.Be3 a6 7.Qd2 Nf6 8.O-O-O Bb4
9.f3 Ne5 10.Nb3 b5 11.Qd4 Nc6 12.Qb6 Qe5 13.f4 Qb8 14.Bd3 Qxb6 15.Bxb6 Rb8
16.Bf2 Bxc3 17.bxc3 d5 18.exd5 Nxd5 19.Be4 O-O 20.Bxd5 exd5 21.Rxd5 Be6 22.Rc5 Ne7
23.Rd1 Rfd8 24.Rd4 Bc4 25.Kb2 Nd5 26.Rc6 Rdc8 27.Na5 Rxc6 28.Nxc6 Re8 29.Nb4 Nxb4
30.cxb4 h5 31.Rd2  1/2-1/2

[Event "1st Radzikowskiej Mem"]
[Site "Warsaw POL"]
[Date "2011.08.07"]
[Round "2"]
[White "Kochetkova,J"]
[Black "Zozulia,A"]
[Result "1/2-1/2"]
[WhiteElo "2319"]
[BlackElo "2381"]

1.e4 c5 2.Nf3 e6 3.d4 cxd4 4.Nxd4 Nc6 5.Nc3 Qc7 6.f4 a6 7.Nxc6 Qxc6 8.Be3 Nf6
9.e5 Ne4 10.Nxe4 Qxe4 11.Qe2 b5 12.O-O-O Bb7 13.Rg1 Rc8 14.Qd3 Qxd3 15.Bxd3 h5
16.Rdf1 h4 17.Rf2 Bc5 18.Bxc5 Rxc5 19.Re1 g6 20.Re3 Ke7 21.Rd2 a5 22.Be4 Bxe4
23.Rxe4 Rhc8 24.Red4 R8c7 25.a3 Rc4 26.Kd1 f6 27.exf6+ Kxf6 28.Rxd7 Rxd7
29.Rxd7 Rxf4 30.Ke2  1/2-1/2

[Event "ZMDI GER-UKR"]
[Site "Dresden GER"]
[Date "2011.08.08"]
[Round "2"]
[White "Hoolt,S"]
[Black "Vasilevich,T"]
[Result "0-1"]
[WhiteElo "2314"]
[BlackElo "2417"]

1.e4 c5 2.Nf3 e6 3.d4 cxd4 4.Nxd4 Nc6 5.Nc3 Qc7 6.Be3 a6 7.Qd2 Nf6 8.f3 Bb4
9.a3 Be7 10.g4 O-O 11.g5 Ne8 12.O-O-O b5 13.h4 b4 14.Nxc6 Qxc6 15.axb4 Bxb4
16.Qd4 Rb8 17.h5 d6 18.h6 Bc5 19.Qd2 Qb6 20.Re1 Qxb2+ 21.Kd1 Bxe3 22.Rxe3 g6
23.Ke1 Qa1+ 24.Kf2 Qa5 25.f4 f6 26.gxf6 Nxf6 27.Rg1 Qc5 28.Ke1 Rb2 29.Rg5 Qb6
30.Rd3 d5 31.Qg2 Kh8 32.exd5 exd5 33.Re5 d4 34.Nd1 Rb1 35.Be2 Qb4+ 36.Kf1 Nd7
37.Qg5 Nf6 38.Bf3 Bb7 39.Kg2 Bxf3+ 40.Kxf3 Qb7+ 41.Ke2 Ne4 42.Qe7 Nc3+ 43.Rxc3 Qxe7
44.Rxe7 dxc3 45.Nxc3 Rh1 46.Nd5 Rxh6 47.Ra7 Rc8 48.Nc7 Rh5 49.Ne6 Rh2+ 50.Kf3 Rhxc2
51.Ng5 R2c7 52.Rxa6 Re7 53.Kg4 Kg8 54.Nf3 Rc4 55.Ng5 Rc1 56.Nf3 Kg7 57.Rb6 Rc2
58.Nh4 Rc4 59.Kg5 Rf7 60.Ng2 Rc2 61.Ne3 Rc3 62.Re6 Rc1 63.Re4 Rg1+ 64.Kh4 Rxf4+
65.Rxf4 g5+ 66.Kh5 gxf4 67.Ng4 f3 68.Kh4 Rxg4+  0-1

[Event "Valoz Cup GM1"]
[Site "Olomouc CZE"]
[Date "2011.08.08"]
[Round "6"]
[White "Krivoborodov,E"]
[Black "Butkiewicz,L"]
[Result "1/2-1/2"]
[WhiteElo "2507"]
[BlackElo "2435"]

1.e4 c5 2.Nf3 e6 3.d4 cxd4 4.Nxd4 Nc6 5.Nc3 Qc7 6.Be3 a6 7.Bd3 Nf6 8.O-O h5
9.h3 b5 10.Nxc6 Qxc6 11.a3 Bb7 12.Qe2 Rc8 13.Bd4 Qd6 14.Qe3 e5 15.Ba7 Qc7
16.Rae1 Bc5 17.Bxc5 Qxc5 18.Qg5 Kf8 19.Kh2 h4 20.Qd2 Re8 21.a4 Bc6 22.Na2 bxa4
23.Nb4 Bb7 24.Nxa6 Bxa6 25.Bxa6 g6 26.b3 axb3 27.cxb3 Kg7 28.Bc4 Qe7 29.Re3 Rb8
30.Rd1 Rhc8 31.Rf3 Nxe4 32.Qxd7 Qxd7 33.Rxd7 Ng5 34.Rfd3 e4 35.R3d5 Kh6 36.Rd4 Ra8
37.Bd5 Ra1 38.Rc4 Re8 39.Bc6 Re6 40.Rd2 Rb1 41.b4 Re7 42.b5 Ra7 43.Bxe4 Nxe4
44.Rxe4 g5 45.Rd6+ Kg7 46.Rg4  1/2-1/2

[Event "8th Ostroda GM"]
[Site "Ostroda POL"]
[Date "2011.08.08"]
[Round "6.3"]
[White "Duda,J"]
[Black "Jakubowski,K"]
[Result "1/2-1/2"]
[WhiteElo "2274"]
[BlackElo "2510"]

1.e4 c5 2.Nf3 e6 3.d4 cxd4 4.Nxd4 Nc6 5.Nc3 Qc7 6.Be2 a6 7.O-O Nf6 8.Kh1 Nxd4
9.Qxd4 Bc5 10.Qd3 b5 11.Bg5 Bb7 12.a3 b4 13.axb4 Bxb4 14.Bf3 Bxc3 15.bxc3 Qe5
16.Bxf6 gxf6 17.Rfd1 Rd8 18.Rab1 Bc6 19.Qxa6 Qxc3 20.Qd3 Qc5 21.Kg1 Ke7 22.Rd2 Rb8
23.Re1 Rb4 24.h3 Rc4 25.e5 fxe5 26.Bxc6 dxc6 27.Qg3 Kf6 28.Re3 e4 29.Qf4+ Qf5
30.Qh6+ Qg6 31.Qf4+ Qf5 32.Qh6+ Qg6 33.Qf4+ Qf5 34.Qh6+  1/2-1/2

[Event "Split Open"]
[Site "Split CRO"]
[Date "2011.08.08"]
[Round "4.5"]
[White "Bernard,Ja"]
[Black "Jovanic,O"]
[Result "1/2-1/2"]
[WhiteElo "2208"]
[BlackElo "2489"]

1.e4 c5 2.Nf3 e6 3.d4 cxd4 4.Nxd4 Nc6 5.Nc3 Qc7 6.Be3 a6 7.Bd3 Nf6 8.O-O Nxd4
9.Bxd4 Bc5 10.Be2 d6 11.Kh1 e5 12.Bxc5 Qxc5 13.Qd3 Be6 14.f4 Rd8 15.a3 O-O
16.Rad1 exf4 17.Rxf4 Qg5 18.Rdf1 Rfe8 19.Qd4 Qc5 20.Qd3 Nd7 21.Qg3 Ne5 22.Bd3 Rc8
23.Nd5 Bxd5 24.exd5 Qxd5 25.Be4 Qb5 26.b3 d5 27.Bxh7+ Kxh7 28.Rxf7 Nxf7 29.Rxf7 Re1+
30.Qxe1 Rxc2 31.h3 Qc5 32.Qe5 Rc1+ 33.Kh2 Qg1+ 34.Kg3 Qe1+ 35.Qxe1 Rxe1 36.Rxb7 d4
37.Kf2 Re3 38.Rb6 a5 39.Rb5 g6 40.a4 Kg7 41.b4 axb4 42.Rxb4 Rd3 43.Ke2 Re3+
44.Kf2 Rd3 45.Ke2 Re3+ 46.Kf2  1/2-1/2

[Event "XX TCh-MKD"]
[Site "Struga MKD"]
[Date "2011.08.08"]
[Round "1"]
[White "Stojanovski,D"]
[Black "Semsiu,Agim"]
[Result "1-0"]
[WhiteElo "2427"]
[BlackElo "1900"]

1.e4 c5 2.Nf3 e6 3.Nc3 Nc6 4.d4 cxd4 5.Nxd4 Qc7 6.Nb3 a6 7.Bd3 b5 8.O-O Nf6
9.a3 Bb7 10.f4 d6 11.Qf3 Be7 12.Bd2 O-O 13.Qh3 b4 14.axb4 Nxb4 15.Na5 Nxd3
16.cxd3 Rfb8 17.Rfc1 Qd7 18.Ne2 Bd8 19.Bc3 Qb5 20.Nd4 Bb6 21.Kh1 Bxd4 22.Bxd4 Rc8
23.Bc3 d5 24.Nxb7 Qxb7 25.Qg3 Ne8 26.f5 dxe4 27.Bxg7 Rxc1+ 28.Rxc1 exf5 29.Bd4+  1-0

[Event "XV Magistral de la Republica"]
[Site "Villa Martelli ARG"]
[Date "2011.08.08"]
[Round "8"]
[White "De Dovitiis,A"]
[Black "Molina,Rob"]
[Result "1-0"]
[WhiteElo "2348"]
[BlackElo "2413"]

1.e4 c5 2.Nf3 Nc6 3.d4 cxd4 4.Nxd4 e6 5.Nc3 Qc7 6.Be3 a6 7.g3 d6 8.Bg2 Bd7
9.O-O Be7 10.Nxc6 Bxc6 11.a4 Nf6 12.a5 Rc8 13.Bb6 Qb8 14.Re1 O-O 15.Nd5 Rfe8
16.Nxe7+ Rxe7 17.c4 Be8 18.b3 Nd7 19.Bd4 Ne5 20.Qd2 f6 21.f4 Nf7 22.Bb6 Bd7
23.Rad1 Rce8 24.c5 d5 25.exd5 exd5 26.Bxd5 Be6 27.c6 bxc6 28.Bxc6 Rc8 29.Qb4 Rec7
30.Bf3 Rc3 31.Rxe6 Rxf3 32.Re7 Qa8 33.Qa4 h5 34.Ra7 Rxg3+ 35.hxg3 Qf3 36.Qd7 Qxg3+
37.Kf1 Qf3+ 38.Ke1 Qe4+ 39.Kf1 Qf3+ 40.Bf2 Qh1+ 41.Bg1 Qf3+ 42.Bf2 Qh1+ 43.Ke2 Qe4+
44.Be3 Qg2+ 45.Ke1 Qh1+ 46.Kf2 Rc2+ 47.Bd2 Qh2+ 48.Kf3 Kh7 49.Qf5+ Kh6 50.Qxc2  1-0

[Event "Arad Open A"]
[Site "Arad ROU"]
[Date "2011.08.09"]
[Round "7.15"]
[White "Uta,Ad"]
[Black "Chereches,M"]
[Result "0-1"]
[WhiteElo "2099"]
[BlackElo "2280"]

1.e4 c5 2.Nf3 e6 3.d4 cxd4 4.Nxd4 Nc6 5.Nc3 Bb4 6.Nb5 Nf6 7.a3 Bxc3+ 8.Nxc3 d5
9.exd5 exd5 10.Qe2+ Be6 11.Bg5 d4 12.O-O-O h6 13.Bh4 Qa5 14.Bxf6 gxf6 15.Ne4 O-O-O
16.f4 Qd5 17.c4 Qf5 18.Qf3 Qg6  0-1

[Event "ZMDI GER-UKR"]
[Site "Dresden GER"]
[Date "2011.08.09"]
[Round "3"]
[White "Gaponenko,I"]
[Black "Hoolt,S"]
[Result "1-0"]
[WhiteElo "2442"]
[BlackElo "2314"]

1.e4 c5 2.Nf3 e6 3.d4 cxd4 4.Nxd4 Nc6 5.Nc3 Qc7 6.Be3 a6 7.Qd2 Nf6 8.O-O-O Be7
9.f3 O-O 10.g4 b5 11.g5 Nh5 12.Nce2 Rd8 13.Bh3 Ne5 14.Bg4 Nc4 15.Qd3 Nxe3
16.Qxe3 Nf4 17.Nxf4 Bxg5 18.e5 f6 19.Kb1 Bh6 20.Qc3 Qxc3 21.bxc3 f5 22.Ndxe6 fxg4
23.Nxd8 Bxf4 24.fxg4 Bxe5 25.Rhe1 d6 26.h3 h5 27.Nc6 Bxc3 28.Re8+ Kf7 29.Re7+ Kg8
30.g5 b4 31.Re8+ Kf7 32.Rd8 Be5 33.Nxe5+ dxe5 34.h4 Ke6 35.R1d6+ Kf5 36.Rf8+ Kg4
37.Rdd8 Kxh4 38.g6 Kg5 39.Rxc8 Rxc8 40.Rxc8 Kxg6 41.Kc1 Kf5 42.Kd2 g5 43.Ke3 h4
44.Ra8 Kg4 45.Kf2 Kf4 46.Rxa6 g4 47.Rf6+ Kg5 48.Rb6 e4 49.Rxb4 Kf4 50.a4 h3
51.Rb3 h2 52.Kg2 g3 53.a5 e3 54.Rb1 e2 55.a6  1-0

[Event "MMK Krakow IM"]
[Site "Krakow POL"]
[Date "2011.08.09"]
[Round "5.4"]
[White "Brzeski,M"]
[Black "Massoni,M"]
[Result "1/2-1/2"]
[WhiteElo "2315"]
[BlackElo "2294"]

1.e4 c5 2.Nf3 e6 3.d4 cxd4 4.Nxd4 Nc6 5.Nc3 Qc7 6.Be3 a6 7.Qd2 Nf6 8.O-O-O b5
9.Bf4 Qb6 10.Nxc6 Qxc6 11.f3 Bb7 12.g4 h6 13.Ne2 d5 14.Nd4 Qb6 15.Be3 dxe4
16.Nxb5 Qc6 17.Nd4 Qc7 18.Bf4 Qb6 19.fxe4 Nxe4 20.Qe3 Bc5 21.Bg2 Nf6 22.Bxb7 Qxb7
23.Qb3 Qxb3 24.Nxb3 Bb6 25.h3 h5 26.Be5 hxg4 27.hxg4 Rxh1 28.Rxh1 Ke7 29.Kb1 Nxg4
30.Bxg7 e5 31.Bh6 Nxh6 32.Rxh6 f6 33.c4 Rc8 34.Rh4 Ke6 35.Kc2 Bf2 36.Rg4 Kf5
37.Rg2 Rxc4+ 38.Kd3 Rf4 39.Nd2 Bc5 40.Rh2 Rd4+ 41.Ke2 Rd7 42.Rh5+ Kg6 43.Rh8 f5
44.Rc8 Bd4 45.Rc6+ Kh5 46.b4 e4 47.Nxe4 fxe4 48.Re6 Kg5 49.Rxe4 Kf5 50.Re8 Bc3
51.a3 Rd2+ 52.Ke3 Ra2 53.Kd3 Rxa3 54.Kc4 Bd2 55.Re2 Be3 56.Kd5 Kf4 57.Rb2 Bc1
58.Rb1 Be3 59.b5 Rd3+ 60.Kc6 Rc3+ 61.Kb7 a5 62.Ra1 Ke5 63.Rxa5 Kd5 64.b6+ Kd6
65.Rb5 Bd4 66.Rb1 Rh3 67.Rd1 Kd5 68.Rxd4+ Kxd4 69.Kc6 Rh6+ 70.Kc7 Kd5 71.b7 Rh7+
72.Kb6 Rxb7+ 73.Kxb7 Ke4  1/2-1/2

[Event "FSIMA August"]
[Site "Budapest HUN"]
[Date "2011.08.10"]
[Round "5"]
[White "Tesik,C"]
[Black "Farago,S"]
[Result "1-0"]
[WhiteElo "2337"]
[BlackElo "2269"]

1.e4 c5 2.Nf3 Nc6 3.d4 cxd4 4.Nxd4 e6 5.Nc3 Nf6 6.Ndb5 d6 7.Bf4 e5 8.Bg5 a6
9.Na3 Be7 10.Nc4 Nd4 11.Bxf6 Bxf6 12.Nd5 b5 13.Ncb6 Rb8 14.Nxc8 Qxc8 15.c3 Ne6
16.Nxf6+ gxf6 17.Bd3 Ke7 18.O-O Nf4 19.Qf3 h5 20.Rfd1 h4 21.Bf1 Qc6 22.g3 hxg3
23.hxg3 Ne6 24.Rd5 Ng5 25.Qd3 f5 26.Bg2 fxe4 27.Bxe4 Qc4 28.Bg2 Qxd3 29.Rxd3 f5
30.Re1 Ne6 31.Bd5 Nc5 32.Rd2 Rh6 33.Kg2 e4 34.g4 Rg6 35.f3 Kd7 36.fxe4 fxe4
37.Kg3 Kc7 38.b4 Na4 39.Rxe4 Kb6 40.c4 Rh8 41.Re7 Rb8 42.Be4  1-0

[Event "50th World Juniors"]
[Site "Chennai IND"]
[Date "2011.08.10"]
[Round "8.31"]
[White "Dusthageer,I"]
[Black "Barbosa,Ev"]
[Result "0-1"]
[WhiteElo "2212"]
[BlackElo "2343"]

1.e4 c5 2.Nf3 e6 3.d4 cxd4 4.Nxd4 Nc6 5.Nc3 Qc7 6.Be2 a6 7.O-O Nf6 8.a3 Be7
9.Kh1 O-O 10.Be3 d6 11.f4 Nxd4 12.Qxd4 b5 13.a4 e5 14.Qd2 b4 15.Nd5 Nxd5
16.exd5 Bf6 17.f5 a5 18.c4 bxc3 19.bxc3 Bd7 20.g4 e4 21.g5 Be5 22.Bd4 Bxd4
23.Qxd4 Rac8 24.c4 Rfe8 25.Qe3 Re5 26.f6 g6 27.Qg3 Qd8 28.Ra3 Qe8 29.Qh4 Rb8
30.Re3 Rb4 31.Rf4 Bf5 32.Rf1 h5 33.gxh6 Kh7 34.Qg3 Rxa4 35.h4 Rb4 36.h5 Qf8
37.hxg6+ Bxg6 38.Qg4 a4 39.Ra1 Rb3 40.Ra3 Rxa3 41.Rxa3 e3 42.Qf4 Be4+ 43.Kh2 Qg8
44.Qg4 Rh5+ 45.Kg3 Rg5 46.Kf4 Rxg4+ 47.Bxg4 Qe8  0-1

[Event "50th World Juniors"]
[Site "Chennai IND"]
[Date "2011.08.10"]
[Round "8.37"]
[White "Rojas Alarcon,J"]
[Black "Patil,Pr2"]
[Result "0-1"]
[WhiteElo "2291"]
[BlackElo "2141"]

1.e4 c5 2.Nf3 e6 3.d4 cxd4 4.Nxd4 Nc6 5.Nc3 Qc7 6.Be3 a6 7.Qd2 Nf6 8.O-O-O Bb4
9.f3 Ne5 10.Nb3 b5 11.Qe1 Be7 12.f4 Ng6 13.e5 Ng4 14.Ne4 Nxe3 15.Qxe3 O-O
16.h4 Bb7 17.Nd6 f6 18.Nxb7 fxe5 19.Bd3 Nxf4 20.N7c5 d5 21.g3 Nxd3+ 22.Nxd3 Rac8
23.Rh2 Bd6 24.Rf2 Rxf2 25.Qxf2 Rf8 26.Qg2 e4 27.Nd4 exd3 28.Nxe6 Qxc2+ 29.Qxc2 dxc2
30.Rxd5 Rf1+ 31.Kxc2 Rf2+ 32.Kb1 Bxg3 33.Rg5 Bxh4 34.Rxg7+ Kh8 35.Ra7 h5
36.Ng7 Rf1+ 37.Kc2 Bf2 38.Rd7 h4 39.Nh5 Bg3 40.Rd5 Kh7 41.Rd4 Kh6 42.Nxg3 hxg3
43.Rg4 Rf2+ 44.Kc3 g2 45.a3 Kh5 46.Rg8 Kh4 47.Kd4 Rf4+ 48.Ke3 Rg4 49.Rxg4+ Kxg4  0-1

[Event "50th World Juniors"]
[Site "Chennai IND"]
[Date "2011.08.10"]
[Round "8.59"]
[White "Karthikeyan,M2"]
[Black "Rodriguez Aleman,E"]
[Result "1-0"]
[WhiteElo "2122"]
[BlackElo "1997"]

1.e4 c5 2.Nf3 e6 3.d4 cxd4 4.Nxd4 Nc6 5.Nc3 Nf6 6.Nxc6 bxc6 7.e5 Nd5 8.Ne4 Qc7
9.f4 Qb6 10.c4 Ne3 11.Qd3 Nf5 12.g4 Nd4 13.Bg2 Bb7 14.Bd2 c5 15.O-O Rd8 16.Bc3 d5
17.exd6 Bxd6 18.Rf2 Be7 19.Qe3 O-O 20.h3 Rd7 21.Rd2 Rfd8 22.b3 Bxe4 23.Bxe4 g6
24.Kh1 Bf6 25.Rb1 a5 26.a3 Be7 27.Rdb2 Ra7 28.Qe1 Qc7 29.Qf2 Bf6 30.f5 Kg7
31.fxe6 fxe6 32.Rf1 Be5 33.Qe3 Rd7 34.Rbf2 Nxb3 35.Bxg6 Bxc3 36.Rf7+ Rxf7
37.Rxf7+ Qxf7 38.Bxf7 Rxf7 39.Qxc3+ Nd4 40.Qxa5  1-0

[Event "50th World Juniors"]
[Site "Chennai IND"]
[Date "2011.08.10"]
[Round "8.14"]
[White "Grover,S"]
[Black "Krysa,L"]
[Result "1/2-1/2"]
[WhiteElo "2496"]
[BlackElo "2374"]

1.e4 c5 2.Nf3 e6 3.d4 cxd4 4.Nxd4 Nc6 5.Nc3 Qc7 6.Be3 a6 7.Qd2 Nf6 8.O-O-O Bb4
9.f3 Ne5 10.Nb3 b5 11.Qe1 Be7 12.f4 Ng6 13.e5 Ng4 14.Ne4 Nxe3 15.Qxe3 O-O
16.Bd3 Bb7 17.h4 f5 18.Ng5 Bd5 19.Kb1 Qa7 20.Qd2 d6 21.h5 Nxf4 22.Qxf4 dxe5
23.Qg3 h6 24.Nxe6 Bxe6 25.Qxe5 Bxb3 26.axb3 Qc5 27.Qe6+ Kh8 28.Rhe1 Bf6 29.c3 a5
30.Bxf5 Bxc3 31.Bc2 Bxe1 32.Qg6 Qxc2+ 33.Kxc2 Bh4 34.Qe4 Bf6 35.Rf1 Rac8+
36.Kb1 Rcd8 37.b4 a4 38.Qe2 Rd5 39.Rxf6 gxf6 40.Qe7 Rdd8 41.Qe3 Rd1+ 42.Kc2 Rd5
43.Qxh6+ Kg8 44.Qg6+ Kh8 45.g4 Rg5 46.Qe4 Rc8+ 47.Kb1 Rc4 48.Qe8+ Kh7 49.Qd7+ Kh8
50.Qd8+ Kh7 51.Qd7+ Kh8  1/2-1/2

[Event "ZMDI GER-UKR"]
[Site "Dresden GER"]
[Date "2011.08.10"]
[Round "4"]
[White "Paehtz,E"]
[Black "Vasilevich,T"]
[Result "1/2-1/2"]
[WhiteElo "2463"]
[BlackElo "2417"]

1.e4 c5 2.Nf3 e6 3.d4 cxd4 4.Nxd4 Nc6 5.Nc3 Qc7 6.f4 a6 7.Nxc6 bxc6 8.Bd3 d6
9.O-O Nf6 10.Kh1 e5 11.fxe5 dxe5 12.Bc4 Be7 13.Qe1 O-O 14.Na4 Be6 15.Qe2 Bxc4
16.Qxc4 Qb7 17.Nc3 Qb4 18.Qe2 Nd7 19.Rd1 Nc5 20.a3 Qb7 21.Qc4 Rad8 22.Be3 Ne6
23.b4 h6 24.Rxd8 Rxd8 25.Rd1 Rxd1+ 26.Nxd1 Qb5 27.Nb2 Kf8 28.c3 Bg5 29.a4 Qxc4
30.Nxc4 Bxe3 31.Nxe3 Ng5 32.Nc4 Nxe4 33.Nxe5 Nxc3 34.Nxc6 Nxa4 35.Nb8 Ke7
36.Nxa6 Kd7 37.g4 Kc6 38.Kg2 Kb6 39.Nb8 Kc7 40.Na6+ Kb6 41.Nb8 Kc7 42.Na6+ Kb7
43.b5 Kb6 44.Nb8 Kxb5 45.Nd7 Nc5 46.Ne5 f6 47.Ng6 Kc6 48.Ne7+ Kd7 49.Nf5 Ne6
50.Kf3 Ke8 51.h4 Kf7 52.h5 Nc5 53.Ke3 Nd7 54.Ke4 Ne5 55.Kf4 Nc6 56.Nd6+ Ke7
57.Nf5+ Kf8 58.Ke4 Kg8 59.Kf4 Ne5 60.Nd6 Kf8 61.Nf5 Nd7 62.Ke4 Kg8 63.Kf4 Nc5
64.Ke3 Kf7 65.Kd4 Ne6+ 66.Kd5 Nf4+ 67.Ke4 Ne6 68.Kd5 Ng5 69.Nd6+ Kg8 70.Nf5 Kf8
71.Kd4 Nf3+ 72.Ke3 Ne5 73.Kf4 Nc6 74.Ke4 Ne7 75.Nd6 Kg8 76.Kf3 Kh7 77.Kf4 Kg8  1/2-1/2

[Event "20th Poznan Open"]
[Site "Poznan POL"]
[Date "2011.08.10"]
[Round "5.5"]
[White "Kowara,M"]
[Black "Zakrzewski,Mare"]
[Result "0-1"]
[WhiteElo "1876"]
[BlackElo "2097"]

1.e4 c5 2.Nf3 e6 3.d4 cxd4 4.Nxd4 Nc6 5.Nc3 Qc7 6.Be2 a6 7.O-O Nf6 8.Nxc6 bxc6
9.Be3 d5 10.Bf3 Be7 11.Re1 O-O 12.exd5 cxd5 13.Qd2 Bb7 14.Bf4 Bd6 15.Bxd6 Qxd6
16.Ne4 Qe7 17.Nxf6+ Qxf6 18.c4 Rab8 19.c5 e5 20.b4 e4 21.Be2 d4 22.a4 d3
23.Bf1 Qd4 24.Reb1 Bc6 25.Qb2 Qxb2 26.Rxb2 f5 27.f3 Rfd8 28.Kf2 Rd4 29.Rab1 Bxa4
30.Ke3 Rbd8 31.Rd2 Kf7 32.fxe4 fxe4 33.g3 Kf6 34.Ra2 Bb5 35.c6 Rc4 36.c7 Re8
37.Rf2+ Kg6 38.Rf4 Rxc7 39.Rxe4 Rxe4+ 40.Kxe4 d2 41.Bxb5 Rc1  0-1

[Event "XX TCh-MKD"]
[Site "Struga MKD"]
[Date "2011.08.10"]
[Round "3"]
[White "Dancevski,O"]
[Black "Stojanovski,D"]
[Result "1/2-1/2"]
[WhiteElo "2384"]
[BlackElo "2427"]

1.e4 c5 2.Nf3 Nc6 3.d4 cxd4 4.Nxd4 e6 5.Nc3 Qc7 6.Nb3 a6 7.a4 Nf6 8.Bd3 Bd6
9.h3 O-O 10.O-O Bh2+ 11.Kh1 Bf4 12.a5 Bxc1 13.Qxc1 b5 14.axb6  1/2-1/2